Statistiques concernant Départements français bordés par la mer (avec carte)

Cliquez ici pour prendre le quiz!

Statistiques générales

  • Ce quiz a été pris 260 fois
  • Le résultat moyen est 28 sur 31

Réponses sur la Carte

Les réponses sont colorées sur une échelle allant du rouge au vert en fonction du pourcentage des utilisateurs qui les ont devinées à leur premier essai. Vous pouvez retrouver ces pourcentages ci-dessous.
 

Statistiques - réponses

Départements% Correct
59Nord
97%
29Finistère
96%
62Pas-de-Calais
95%
83Var
94%
13Bouches-du-Rhône
93%
33Gironde
93%
85Vendée
93%
22Côtes-d'Armor
92%
2BHaute-Corse
92%
56Morbihan
92%
14Calvados
91%
17Charente-Maritime
91%
2ACorse-du-Sud
91%
50Manche
91%
06Alpes-Maritimes
90%
34Hérault
90%
40Landes
90%
44Loire-Atlantique
90%
64Pyrénées-Atlantiques
90%
66Pyrénées-Orientales
90%
76Seine-Maritime
90%
974La Réunion
89%
972Martinique
89%
971Guadeloupe
88%
973Guyane
88%
35Ille-et-Vilaine
88%
80Somme
87%
976Mayotte
86%
30Gard
85%
11Aude
81%
27Eure
68%

Distribution des résultats

Percentile par nombre de réponses

% des personnes avec chaque résultat

Votre développement - résultats

Vous n’avez pas pris ce quiz